000 00749cab a2200241 4500
001 WB3407-12
008 090401t1998 xxu||||| |||| 00| 0 eng d
035 _a(Sirsi) u84329
041 _aeng
245 _aIrish invest in UK
260 _c1998
350 _a0
490 _aIrish Times
_v18 February 1998, 27(1)
520 _aIrish investors have become serious players in the UK market with the purchase of £250m worth of buildings in the last year.
650 _aDIRECT PROPERTY INVESTMENT
650 _aINVESTMENT MARKET
650 _aINWARD INVESTMENT
650 _aIRELAND
650 _aUNITED KINGDOM
690 _aPROPERTY-COMMERCIAL PROPERTY-COMMERCIAL PROPERTY FINANCE AND INVESTMENT
942 _n0
948 _c19/02/1998
999 _c52991
_d52991